00246nam a2200085Ia 4500001000800000005001700008008004100025245007000066260002400136125297420251031150944.0251031s9999 xx 000 0 und d 0cMUSTAFA ORAKÇIaV-11 LEVENT HAYVANLARI BİZDEN KORUMA GÜNÜ bTİMAŞ YAYINLARI